000 00820nam a2200181 i 4500
001 153061
003 ES-MaACL
005 20230906205015.0
008 050907s1901 sp | |||||||| ||spa d
040 _aCAM
_bspa
_cCAM
110 2 _aCentro del Ejército y de la Armada (Madrid)
_9137469
245 1 0 _aMemoria leída por el Teniente coronel del Estado Mayor Don Pío Suárez Inclán, secretario del Centro del Ejército y de la Armada en la junta general celebrada en la noche del 9 de enero de 1901.
260 _aMadrid :
_b[s.n.],
_c1901 (
_fRomero)
300 _a20 p. ;
_c22 cm.
610 2 4 _aCentro del Ejército y de la Armada (Madrid)-
_vMemorias.
_9162028
700 1 _aSuárez Inclán, Pío.
_9132971
852 _aES-MaACL
_jT-987-F-3
_z-- Enc. hol., conservando la enc. original
_z-- Enc. en un vol. facticio
999 _c153061
_d153061